000 00553nam a22001457a 4500
999 _c509508
_d509508
082 _aAPPPA 2018-19\HAR
100 _aSingh, Harmandeep
_95429
245 _aDefence financial management :
_bA critical analysis
_cby Harmandeep Singh
260 _aNew Delhi
_bIndian Institute of Public Administration
_c2019
300 _a141p.
500 _a APPPA Dissertation 2018-19 .(Guide : Dr Anupam Sarkar)
650 _aIndia -- Ministry of Defence -- Finance.
_96384
650 _aIndia -- Ministry of Defence.
_96385
650 _aIndia -- Military policy.
_96386